Somebody Told Me (The Killers) - Song Lyrics - Statistics

General Stats
  • This quiz has been taken 242 times
  • The average score is 22 of 31
Answer Stats
Line Lyric % Correct
Breaking my back just to ____ ____ ____ know your name
96%
Well ________ ____ __ somebody told me
89%
But ______ ain't close in a place like this heaven
87%
___ ___ a boyfriend you had
87%
Who ______ ____ a girlfriend looked like
86%
Cause heaven ain't _____ __ _ _____ like this close in a place
83%
Bring it back down, bring it back down _______ tonight
83%
____ ___ potential I've got
81%
It's not ____________ confidential
80%
Who looked like _ __________ a girlfriend
78%
That I had in ________ of last year February
78%
I said heaven ain't close in _ ____ ____ ____ a place like this
75%
You ___ _ _________ had a boyfriend
73%
____ ___ confidential its not
73%
_____ __ back down, _____ __ back down tonight bring it
72%
___ ________ my back just to know your name I'm breaking
72%
_____ _______ I'd let a rumour ruin my moonlight never thought
72%
I've ___ _________ got potential
71%
Never thought I'd let a rumour ruin __ _________ my moonlight
71%
That _ ___ __ ________ of last year i had in February
68%
_ ____ heaven ain't close in a place like this I said
68%
______ ______ ain't close in a place like this 'Cause heaven
66%
_________ _____ and I've had it with this game Seventeen tracks
65%
____ ________ told me well somebody
64%
Anything goes but _____ _____ you might miss don't blink
61%
Taking its toll and I'm _______ _______ ___ leaving without you
58%
But I just don't ____ ___ know now
57%
I said _____ baby please maybe
57%
_____? Lets roll onto something new Ready
52%
When ___ _ _____ do is try all i wanna
42%
____ yourself for me pace
42%
No matching quizzes found
Score Distribution
Percent of People with Each Score
Percentile by Number Answered
Your Score History
You have not taken this quiz